00705nam a22002291 4500001001300000003000400013005001700017008004100034010002200075025001900097040001700116043001200133050002300145100003700168245007000205260005600275300003000331500004600361650001800407740003300425999001700458sa 64001572 DLC20260227112003.0850514s1956 ii f 00000 eng  asa 64001572 //r85 aPL480:I-E-2374 aDLC/ICUcICU aa-ii---0 aQK490.I4bP28 195810aParker, R. N.q(Richard Neville)10aCommon Indian trees and how to know them.cIllus. by Ganga Singh.0 aDelhi,bManager of Publications,c1956 [cover 1958] a46 p.b40 plates.c25 cm. aCover title: Forty trees common in India. 0aTreeszIndia.01aForty trees common in India. c56812d56812